Sports Quiz

Random Sports or WWE Quiz

Name Dolph Ziggler's PPV Opponents Quiz Stats

 Plays Quiz not verified by Sporcle

Challenge
Share
Tweet
Embed
Score 0/179 Timer 20:00
0 Plays Today
PPV Name Opponent % Correct
Royal Rumble 2016Triple H
96.5%
Royal Rumble 2009Kane
93.3%
Wrestlemania XXVIKane
93.3%
Money in the Bank 2010Kane
93.3%
Survivor Series 2012Kane
93.3%
Wrestlemania XXIXKane
93.3%
Survivor Series 2014Kane
93.3%
Royal Rumble 2015Kane
93.3%
Fastlane 2015Kane
93.3%
Money in the Bank 2015Kane
93.3%
The Beast in the East 2015Kane
93.3%
Wrestlemania 32The Miz
93%
TLC: Tables, Ladders and Chairs 2012John Cena
92.2%
Vengeance 2006Triple H
91.8%
Survivor Series 2011Sheamus
91.1%
No Way Out 2012Sheamus
91.1%
Royal Rumble 2013Sheamus
91.1%
Battleground 2014Sheamus
91.1%
Extreme Rules 2015Sheamus
91.1%
Payback 2015Sheamus
91.1%
Elimination Chamber 2015Sheamus
91.1%
Money in the Bank 2015Sheamus
91.1%
Live From Madison Square Garden 2015Sheamus
91.1%
Hell in a Cell 2015 Pre-ShowSheamus
91.1%
Bragging Rights 2010Daniel Bryan
90.7%
Survivor Series 2012Daniel Bryan
90.7%
Wrestlemania XXIXDaniel Bryan
90.7%
Wrestlemania XXXIDaniel Bryan
90.7%
Survivor Series 2011Randy Orton
90.3%
Night of Champions 2012Randy Orton
90.3%
Survivor Series 2012Randy Orton
90.3%
Money in the Bank 2015Randy Orton
90.3%
Money in the Bank 2014Seth Rollins
90%
Survivor Series 2014Seth Rollins
90%
Fastlane 2015Seth Rollins
90%
Money in the Bank 2010Big Show
89.6%
Royal Rumble 2012Big Show
89.6%
Royal Rumble 2015Big Show
89.6%
Fastlane 2015Big Show
89.6%
Backlash 2009 Pre-ShowKofi Kingston
88.8%
Wrestlemania XXVIKofi Kingston
88.8%
Extreme Rules 2010 Pre-ShowKofi Kingston
88.8%
Money in the Bank 2010Kofi Kingston
88.8%
Summerslam 2010Kofi Kingston
88.8%
Night of Champions 2010Kofi Kingston
88.8%
Hell in a Cell 2010 Pre-ShowKofi Kingston
88.8%
TLC: Tables, Ladders and Chairs 2010Kofi Kingston
88.8%
Capitol Punishment 2011Kofi Kingston
88.8%
Hell in a Cell 2011Kofi Kingston
88.8%
Vengeance 2011Kofi Kingston
88.8%
Survivor Series 2011Kofi Kingston
88.8%
Elimination Chamber 2012Kofi Kingston
88.8%
Wrestlemania XXVIIIKofi Kingston
88.8%
Over the Limit 2012Kofi Kingston
88.8%
Survivor Series 2012Kofi Kingston
88.8%
Elimination Chamber 2013Kofi Kingston
88.8%
Money in the Bank 2014Kofi Kingston
88.8%
Money in the Bank 2015Kofi Kingston
88.8%
Vengeance 2006Shawn Michaels
88.5%
Night of Champions 2013Dean Ambrose
88.5%
PPV Name Opponent % Correct
Royal Rumble 2014Roman Reigns
88.5%
Money in the Bank 2014Dean Ambrose
88.5%
Wrestlemania XXXIDean Ambrose
88.5%
Money in the Bank 2015Roman Reigns
88.5%
Elimination Chamber 2012The Miz
86.6%
Survivor Series 2012The Miz
86.6%
Battleground 2014The Miz
86.6%
Summerslam 2014The Miz
86.6%
Night of Champions 2014The Miz
86.6%
Survivor Series 2014Luke Harper
85.9%
TLC: Tables, Ladders and Chairs...and Stairs 2014Luke Harper
85.9%
Wrestlemania XXXILuke Harper
85.9%
Money in the Bank 2010Cody Rhodes
84.4%
Money in the Bank 2012Cody Rhodes
84.4%
Survivor Series 2014Rusev
84.4%
Royal Rumble 2015Bad News Barrett
84.4%
Wrestlemania XXXIBad News Barrett
84.4%
King of the Ring 2015Bad News Barrett
84.4%
Summerslam 2015Rusev
84.4%
Night of Champions 2015Rusev
84.4%
Live From Madison Square Garden 2015Rusev
84.4%
Hell in a Cell 2015 Pre-ShowRusev
84.4%
Wrestlemania 32Zack Ryder
84.2%
Survivor Series 2014Mark Henry
83.6%
Elimination Chamber 2015King Barrett
83.6%
Elimination Chamber 2015Mark Henry
83.6%
The Beast in the East 2015King Barrett
83.6%
Hell in a Cell 2015 Pre-ShowKing Barrett
83.6%
Payback 2013Alberto Del Rio
82.9%
Money in the Bank 2013Alberto Del Rio
82.9%
Wrestlemania XXXAlberto Del Rio
82.9%
Battleground 2014Alberto Del Rio
82.9%
Royal Rumble 2010CM Punk
82.5%
Royal Rumble 2011Edge
82.5%
Royal Rumble 2012CM Punk
82.5%
Elimination Chamber 2012CM Punk
82.5%
Summerslam 2013Big E Langston
82.2%
Wrestlemania XXVIJack Swagger
81%
TLC: Tables, Ladders and Chairs 2010Jack Swagger
81%
Night of Champions 2011Jack Swagger
81%
Money in the Bank 2014Jack Swagger
81%
Fastlane 2016Kevin Owens
80.7%
Wrestlemania 32Kevin Owens
80.7%
Hell in a Cell 2010 Pre-ShowR-Truth
79.9%
Elimination Chamber 2012R-Truth
79.9%
Wrestlemania XXVIIIR-Truth
79.9%
Over the Limit 2012R-Truth
79.9%
Wrestlemania XXXIR-Truth
79.9%
Elimination Chamber 2015R-Truth
79.9%
Survivor Series 2006Dusty Rhodes
79.6%
Elimination Chamber 2012Chris Jericho
79.2%
Summerslam 2012Chris Jericho
79.2%
Royal Rumble 2013Chris Jericho
79.2%
Elimination Chamber 2015Ryback
79.2%
Night of Champions 2009Rey Mysterio
78.8%
Summerslam 2009Rey Mysterio
78.8%
Hell in a Cell 2014Cesaro
77.3%
Royal Rumble 2015Cesaro
77.3%
Hell in a Cell 2009John Morrison
75.8%
Survivor Series 2009John Morrison
75.8%
PPV Name Opponent % Correct
Wrestlemania XXVIIJohn Morrison
75.8%
Night of Champions 2011John Morrison
75.8%
Survivor Series 2011John Morrison
75.8%
Wrestlemania XXVIChristian
75.5%
Money in the Bank 2010Christian
75.5%
Money in the Bank 2012Christian
75.5%
Wrestlemania 32Sami Zayn
75.4%
Wrestlemania 32Sin Cara
73.7%
Vengeance 2011Zack Ryder
71.4%
TLC: Tables, Ladders and Chairs 2011Zack Ryder
71.4%
Wrestlemania XXVIIIZack Ryder
71.4%
Survivor Series 2009Matt Hardy
69.1%
Wrestlemania XXVIMatt Hardy
69.1%
Money in the Bank 2010Matt Hardy
69.1%
Survivor Series 2011Sin Cara
69.1%
Money in the Bank 2012Sin Cara
69.1%
Payback 2016Baron Corbin
68.4%
Survivor Series 2006Ric Flair
65.1%
The Bash 2009The Great Khali
65.1%
Royal Rumble 2012The Great Khali
65.1%
Wrestlemania XXVIIIThe Great Khali
65.1%
Money in the Bank 2012Damien Sandow
64.7%
Battleground 2013 Pre-ShowDamien Sandow
64.7%
Money in the Bank 2015Neville
64.7%
Survivor Series 2009Evan Bourne
64.3%
Wrestlemania XXVIEvan Bourne
64.3%
Hell in a Cell 2011Evan Bourne
64.3%
Vengeance 2011Evan Bourne
64.3%
Survivor Series 2015Tyler Breeze
63.9%
Wrestlemania XXVIMVP
63.2%
Summerslam 2013AJ Lee
62.1%
Money in the Bank 2014Rob Van Dam
62.1%
Wrestlemania XXVIIISantino Marella
61.3%
Money in the Bank 2012Santino Marella
61.3%
Royal Rumble 2012Booker T
58.7%
Wrestlemania XXVIIIBooker T
58.7%
Money in the Bank 2012Tyson Kidd
58%
Wrestlemania XXXIStardust
57.6%
Survivor Series 2009Shelton Benjamin
57.2%
Wrestlemania XXVIShelton Benjamin
57.2%
Wrestlemania XXVIDrew McIntyre
55.8%
Money in the Bank 2010Drew McIntyre
55.8%
Hell in a Cell 2010 Pre-ShowGoldust
55%
Wrestlemania 32Stardust
54.4%
Survivor Series 2009Finlay
53.9%
Wrestlemania XXVIITrish Stratus
47.2%
Wrestlemania XXVIISnooki
44.2%
TLC: Tables, Ladders and Chairs 2013 Pre-ShowFandango
42.8%
Money in the Bank 2012Tensai
40.1%
Survivor Series 2006Sergeant Slaughter
39%
Summerslam 2011 Pre-ShowAlex Riley
37.9%
Night of Champions 2011Alex Riley
37.9%
Survivor Series 2006Ron Simmons
35.7%
Extreme Rules 2012Brodus Clay
35.3%
Battleground 2014Bo Dallas
34.2%
Survivor Series 2010Kaval
27.1%
Survivor Series 2011Mason Ryan
26.8%
Royal Rumble 2012Kharma
19.3%
Royal Rumble 2013The Godfather
15.6%

You're not logged in!

Compare scores with friends on all Sporcle quizzes.
Join for Free
OR
Log In

You Might Also Like...

Show Comments

Extras

Created Jan 7, 2016ReportNominate
Tags:WWE Quiz, ppv, PPV Opponents

Top Quizzes Today


Score Distribution

Your Account Isn't Verified!

In order to create a playlist on Sporcle, you need to verify the email address you used during registration. Go to your Sporcle Settings to finish the process.

Report this User

Report this user for behavior that violates our Community Guidelines.

Details: